Escribir literatura de viajes /

La autora de este libro ofrece una serie de consejos para escribir sobre viajes y obtener, a cambio, una retribución. Detalla las diferentes maneras de llevar a papel estas experiencias (estilos y formatos), así como el mercado al que se pueden dirigir los diferentes tipos de textos: artículos, libr...

Description complète

Enregistré dans:
Détails bibliographiques
Auteur principal: Campbell, Morag (autor)
Format: Livre
Langue:espagnol
Publié: Barcelona, España : Paidós, 2003, c2003
Collection:(Manuales de Escritura ; 1)
Sujets:
Tags: Ajouter un tag
Pas de tags, Soyez le premier à ajouter un tag!

MARC

LEADER 00000nam^a2200000^a^4500
001 000154631
005 20250521000000.0
009 20260310100401.415
020 |a 84-493-1405-4 
037 |a Acervo ITESO - Biblioteca 
041 |a ESP 
082 |a 809. 9332  |b CAM 
100 |a Campbell, Morag  |e (autor) 
245 1 0 |a Escribir literatura de viajes /  |c M. Campbell ; tr. por Joan Carles Giux Vilaplana. 
264 4 |a Barcelona, España :  |b Paidós,  |c 2003, c2003 
300 |a 168 p. 
336 |a texto  |b txt  |2 rdacontenido 
337 |a sin mediación  |b n  |2 rdamedio 
338 |a volumen  |b nc  |2 rdasoporte 
440 1 |a (Manuales de Escritura ;  |v 1) 
500 |a Traducción de: Writing About Travel 
520 |a La autora de este libro ofrece una serie de consejos para escribir sobre viajes y obtener, a cambio, una retribución. Detalla las diferentes maneras de llevar a papel estas experiencias (estilos y formatos), así como el mercado al que se pueden dirigir los diferentes tipos de textos: artículos, libros o guías de viajes. Dedica un capítulo a las ventajas o desventajas de acompañar los escritos con fotografías. 
649 |a XX 
650 |a Estilo Literario 
650 |a Libros de Viajes -  |x Teoría 
650 |a Libros de Viajes -  |x Historia y Crítica 
650 |a Literatura -  |x Teoría 
650 |a Viajes y Travesías -  |x Descripción 
910 |a Fondo General 
920 |a Impresos - Libros 
930 |a Colección General 
940 |a Literatura 
905 |a 101 
901 |a 0500086882  |b IT1  |c LIT  |u 20250521 
902 |a https://opac.biblio.iteso.mx/vufind/Record/000154631